000 00416nam a2200169 4500
008 190521s2010||||xo d
245 1 0 _aZdravie, hojnost a zákon prítao?livosti
260 _bEugenika
_c2010
_aBratislava
490 _aZahad
100 1 _aHicks Esther a Jerry
_91103
250 _a1.vydanie
300 _a258s.
020 _a9788081001741
_c0
041 1 _aslo
044 _axo
_cSK
958 _aA
999 _c22397
_d22397